Evidence in trials at common law : 2011-2 cumulative supplement / (Record no. 772)

000 -LEADER
fixed length control field 00835nam a22002177a 4500
003 - CONTROL NUMBER IDENTIFIER
control field OSt
005 - DATE AND TIME OF LATEST TRANSACTION
control field 20140116120837.0
008 - FIXED-LENGTH DATA ELEMENTS--GENERAL INFORMATION
fixed length control field 111029t xxu||||| |||| 00| 0 eng d
040 ## - CATALOGING SOURCE
Language of cataloging eng
050 ## - LIBRARY OF CONGRESS CALL NUMBER
Classification number KF8935.W54 2011
100 ## - MAIN ENTRY--PERSONAL NAME
Personal name Wigmore, John Henry ,
Dates associated with a name 1863-1943.
245 ## - TITLE STATEMENT
Title Evidence in trials at common law : 2011-2 cumulative supplement /
Statement of responsibility, etc John Wigmore Henry and Arthur Best .
246 ## - VARYING FORM OF TITLE
Title proper/short title Evidence in trials at common law by John Henry Wigmore.
250 ## - EDITION STATEMENT
Remainder of edition statement 2011-2 cumulative supplement
260 ## - PUBLICATION, DISTRIBUTION, ETC. (IMPRINT)
Place of publication, distribution, etc New York :
Name of publisher, distributor, etc Walter Kluwer ,
300 ## - PHYSICAL DESCRIPTION
Extent xi, 1680 p.
500 ## - GENERAL NOTE
General note The 2011-2 supplement coers volumes I through IX and Volume XI. There id no supplementation to volume X (Tables)
501 ## - WITH NOTE
With note On spine: '' Wigmore on evidence: 2011-2 cumulative supplement''
700 ## - ADDED ENTRY--PERSONAL NAME
Personal name Best, Arthur
942 ## - ADDED ENTRY ELEMENTS (KOHA)
Source of classification or shelving scheme
Koha item type Book
Holdings
Withdrawn status Lost status Source of classification or shelving scheme Damaged status Not for loan Home library Current library Date acquired Source of acquisition Total Checkouts Total Renewals Full call number Barcode Date last seen Date checked out Copy number Price effective from Koha item type
          Riara University Library Riara University Library 29/10/2011 Purchase 4 1 KF8935.W54 2011 SUPP. 2011-2 874/11 08/12/2014 08/12/2014 C.1 29/10/2011 Book
          Riara University Library Riara University Library 29/10/2011 Purchase     KF8935.W54 2011 SUPP. 2011-2 888/11 29/10/2011   C.2 29/10/2011 Book
          Riara University Library Riara University Library 29/10/2011 Purchase 1   KF8935.W54 2011 SUPP. 2011-2 860/11 24/02/2014 07/02/2014 C.3 29/10/2011 Book

Riara University Library,
P.O. Box 49940-00100,
Nairobi, Kenya.